রুপালী বাতাস (Record no. 355366)
[ view plain ]
| 000 -LEADER | |
|---|---|
| fixed length control field | 01349nam a2200397 a 4500 |
| 001 - CONTROL NUMBER | |
| control field | vtls000397503 |
| 003 - CONTROL NUMBER IDENTIFIER | |
| control field | NLI |
| 005 - DATE AND TIME OF LATEST TRANSACTION | |
| control field | 20210603100713.0 |
| 008 - FIXED-LENGTH DATA ELEMENTS--GENERAL INFORMATION | |
| fixed length control field | 110124s1985 bg g 000 1 ben d |
| 020 ## - INTERNATIONAL STANDARD BOOK NUMBER | |
| Terms of availability | Rs.40.00 |
| 022 ## - INTERNATIONAL STANDARD SERIAL NUMBER | |
| -- | Rs. |
| 039 #9 - LEVEL OF BIBLIOGRAPHIC CONTROL AND CODING DETAIL [OBSOLETE] | |
| Level of rules in bibliographic description | 201103032022 |
| Level of effort used to assign nonsubject heading access points | bengal1 |
| Level of effort used to assign subject headings | 201102151801 |
| Level of effort used to assign classification | bengal1 |
| -- | 201101241913 |
| -- | bengal1 |
| 040 ## - CATALOGING SOURCE | |
| Original cataloging agency | NLI |
| Language of cataloging | ben |
| 041 0# - LANGUAGE CODE | |
| Language code of text/sound track or separate title | ben |
| 044 ## - COUNTRY OF PUBLISHING/PRODUCING ENTITY CODE | |
| MARC country code | ii |
| 082 04 - DEWEY DECIMAL CLASSIFICATION NUMBER | |
| Classification number | 891.443 |
| Edition number | 22 |
| 100 1# - MAIN ENTRY--PERSONAL NAME | |
| Linkage | 880-01 |
| Personal name | আখতার মুকল, এম. আর |
| 9 (RLIN) | 203638 |
| 245 10 - TITLE STATEMENT | |
| Linkage | 880-02 |
| Title | রুপালী বাতাস |
| Statement of responsibility, etc. | এম. আর আখতার মুকল |
| 260 ## - PUBLICATION, DISTRIBUTION, ETC. | |
| Place of publication, distribution, etc. | ঢাকা: |
| Name of publisher, distributor, etc. | সাগর পাবলিশার্স , |
| Date of publication, distribution, etc. | 1985 |
| 300 ## - PHYSICAL DESCRIPTION | |
| Extent | 151p. ; |
| Dimensions | 21cm. |
| 650 #0 - SUBJECT ADDED ENTRY--TOPICAL TERM | |
| Topical term or geographic name entry element | Bengali fiction |
| 9 (RLIN) | 925 |
| 700 1# - ADDED ENTRY--PERSONAL NAME | |
| Linkage | 880-03 |
| 710 ## - ADDED ENTRY--CORPORATE NAME | |
| Linkage | 880-04 |
| 880 1# - ALTERNATE GRAPHIC REPRESENTATION | |
| Linkage | 100-01(B |
| a | Akhtar Mukul, M.R. |
| 880 10 - ALTERNATE GRAPHIC REPRESENTATION | |
| Linkage | 245-02(B |
| a | Rupali batas |
| c | M. R.Akhtar Mukul |
| 880 1# - ALTERNATE GRAPHIC REPRESENTATION | |
| Linkage | 700-03(B |
| 880 1# - ALTERNATE GRAPHIC REPRESENTATION | |
| Linkage | 700-04(B |
| 887 ## - NON-MARC INFORMATION FIELD | |
| Content of non-MARC field | Somenath Diyasi |
| 901 ## - LOCAL DATA ELEMENT A, LDA (RLIN) | |
| a | G734 |
| b | 22.11.88 |
| 901 ## - LOCAL DATA ELEMENT A, LDA (RLIN) | |
| a | 300 |
| b | 02.07.1986 |
| 9 | C.2 |
| 902 ## - LOCAL DATA ELEMENT B, LDB (RLIN) | |
| a | B891.443 A9774 |
| 904 ## - LOCAL DATA ELEMENT D, LDD (RLIN) | |
| a | Somenath Diyasi |
| 942 ## - ADDED ENTRY ELEMENTS (KOHA) | |
| Source of classification or shelving scheme | Dewey Decimal Classification |
| Koha item type | Books |
| 949 ## - LOCAL PROCESSING INFORMATION (OCLC) | |
| -- | VIRTUAITEM |
| -- | 10008 |
| -- | 100 |
| 6 | GXX000000734BEN |
| a | B891.443 A9774 |
| e | G734 |
| Withdrawn status | Lost status | Damaged status | Not for loan | Collection code | Home library | Current library | Shelving location | Date acquired | Total Checkouts | Full call number | Barcode | Date last seen | Price effective from | Koha item type |
|---|---|---|---|---|---|---|---|---|---|---|---|---|---|---|
| Bengali | National Library of India | National Library of India | Bengali - Books - Main Stack Division | B891.443 A9774 | GXX000000734BEN | 03/06/2021 | 03/06/2021 | Books |
